000 00609cam a2200229 4500
008 090401t1987 xxu||||| |||| 00| 0 eng d
020 _a0851252397
035 _a(Sirsi) u11933
041 _aeng
050 _a693.97
100 _aCrammond, Norah J
245 _aBoswell houses : investigation of structural condition
260 _aGarston, Watford
_bBuilding Research Establishment
_c1987
300 _aiv,25p. : ill. ; 30cm.
350 _a5
490 _aBRE Report
650 _aBUILDING FAILURES
650 _aPREFABRICATION
700 _aCurrie, R.J.
942 _n0
948 _c04/03/1997
999 _c86933
_d86933